Zmeny v Zákonníku práce a daňové novinky
Novela Zákonníka práce. Prechod práv a povinností z pracovnoprávnych vzťahov. Kolektívne pracovnoprávne vzťahy. Overenie identifikačného čísla pre DPH platiteľa dane v inom členskom štáte EÚ. Novela zákona o investičnej pomoci. Zmeny týkajúce sa priemyselnej výroby. Daňová úľava. Prechodné ustanoven...
Na minha lista:
| Autor principal: | |
|---|---|
| Formato: | Capítulo de Livro |
| Idioma: | eslovaco |
| Assuntos: | |
| Tags: |
Sem tags, seja o primeiro a adicionar uma tag!
|
MARC
| LEADER | 00000naa a2200000 4500 | ||
|---|---|---|---|
| 001 | 0136767 | ||
| 005 | 20231006124301.4 | ||
| 041 | 0 | |a slo | |
| 044 | |a SK | ||
| 245 | 1 | 0 | |a Zmeny v Zákonníku práce a daňové novinky |c Barbora Hrvolová |
| 520 | |a Novela Zákonníka práce. Prechod práv a povinností z pracovnoprávnych vzťahov. Kolektívne pracovnoprávne vzťahy. Overenie identifikačného čísla pre DPH platiteľa dane v inom členskom štáte EÚ. Novela zákona o investičnej pomoci. Zmeny týkajúce sa priemyselnej výroby. Daňová úľava. Prechodné ustanovenia. | ||
| 610 | 2 | 0 | |a zákonník práce |
| 610 | 2 | 0 | |a novelizácia |
| 610 | 2 | 0 | |a vzťahy pracovnoprávne |
| 610 | 2 | 0 | |a zdaňovanie |
| 610 | 2 | 0 | |a výroba priemyselná |
| 610 | 2 | 0 | |a úľavy daňové |
| 610 | 2 | 0 | |a projekty investičné |
| 610 | 2 | 0 | |a Slovensko |
| 100 | 1 | |a Hrvolová, Barbora | |